[Event "HUN-chT2 9495"]
[Site "HUN"]
[Date "1995.??.??"]
[Round "?"]
[White "Poor, Istvan"]
[Black "Acs, Peter"]
[Result "1-0"]
[WhiteElo "2305"]
[BlackElo "2240"]

1.Nf3 d5 2.g3 Nf6 3.Bg2 c6 4.O-O Bg4 5.h3 Bh5 6.d3 e6 7.b3 Nbd7 8.Bb2 Bd6
9.Nbd2 O-O 10.e4 Qc7 11.Qe1 dxe4 12.dxe4 Bxf3 13.Nxf3 e5 14.Nh4 Rfe8 15.Rd1 Nc5
16.Nf5 Rad8 17.f4 Ncxe4 18.Bxe4 Bc5+ 19.Kg2 Bd4 20.fxe5 Bxe5 21.Rxd8 Qxd8
22.Ba3 g6 23.Nh6+ Kg7 24.Ng4 Qd4 25.Bf3 Bd6 26.Qc1 Bxa3 27.Qxa3 Ne4 28.Qc1 h5
29.Nf2 Nd2 30.Rd1 Rd8 31.Qa1 Qxa1 32.Rxa1 Nxf3 33.Kxf3 Rd2 34.Rc1  1-0

[Event "HUN-chT2 9495"]
[Site "HUN"]
[Date "1995.??.??"]
[Round "?"]
[White "Papp, Gellert"]
[Black "Horvath, Jeno Kalman"]
[Result "1/2-1/2"]
[WhiteElo "2110"]
[BlackElo "2185"]

1.Nf3 d5 2.g3 c6 3.Bg2 Nf6 4.d4 Bf5 5.O-O h6 6.c4 e6 7.Nc3 Be7 8.Qb3 Qb6
9.c5 Qxb3 10.axb3 O-O 11.Ne5 Nbd7 12.f4 Bc2 13.b4 a6 14.h3 Nxe5 15.fxe5 Nd7
16.e4 dxe4 17.Nxe4 Bxe4 18.Bxe4 Rfd8 19.Be3 Bg5 20.Bxg5 hxg5 21.Kf2 f6 22.exf6 Nxf6
23.Ke3 Nd5+ 24.Bxd5 Rxd5 25.Rad1 Re8 26.Rd3 Red8 27.Rfd1 Rf5 28.Ke4 Rdf8
29.R1d2 Rd5  1/2-1/2

[Event "HUN-chT2 9495"]
[Site "HUN"]
[Date "1995.??.??"]
[Round "?"]
[White "Mufics, Istvan"]
[Black "Sulyok, Sandor"]
[Result "0-1"]
[WhiteElo "2225"]
[BlackElo "2255"]

1.Nf3 d5 2.g3 g6 3.Bg2 Bg7 4.d4 c6 5.O-O Bf5 6.Nbd2 Nd7 7.Re1 Ngf6 8.b3 Ne4
9.Bb2 h5 10.Nxe4 Bxe4 11.Ne5 Bxg2 12.Kxg2 Nxe5 13.dxe5 Qc7 14.f4 h4 15.e4 hxg3
16.hxg3 dxe4 17.Rxe4 Rd8 18.Rd4 O-O 19.Qg4 Rxd4 20.Bxd4 Qa5 21.c4 Rd8 22.Bf2 e6
23.Be1 Qa6 24.Bb4 c5 25.Be1 Rd3 26.Qe2 Rxb3 27.Rd1 Ra3 28.Rd6 Rxa2 29.Bd2 Qa5
30.Qd3 Bf8 31.Rd8 Qc7 32.f5 exf5  0-1

[Event "HUN-chT2 9495"]
[Site "HUN"]
[Date "1995.??.??"]
[Round "?"]
[White "Loginov, Valery A"]
[Black "Fancsy, Imre"]
[Result "1-0"]
[WhiteElo "2550"]
[BlackElo "2365"]

1.Nf3 d5 2.g3 c6 3.Bg2 Bg4 4.c4 dxc4 5.Na3 Qd5 6.Qc2 Be6 7.e4 Qd3 8.Qxd3 cxd3
9.Ne5 Na6 10.Nxd3 Rd8 11.Nf4 Bc8 12.d4 Rxd4 13.Be3 Rd8 14.e5 e6 15.Bxa7 Bxa3
16.bxa3 Ne7 17.O-O O-O 18.Rfc1 Rd7 19.Bf1 Nd5 20.Nxd5 Rxd5 21.f4 Nc7 22.Bb6 Rd7
23.a4 f5 24.Bxc7 Rxc7 25.Rd1 Rd7 26.Rxd7 Bxd7 27.Rd1 Rd8 28.Kf2 Kf7 29.Bc4 Ke7
30.Rb1 Bc8 31.Ke3 Kd7 32.Rg1 Kc7 33.g4 fxg4 34.Rxg4 g6 35.Rh4 h5 36.Rh3 Rg8
37.Rg3 Bd7 38.h4 Rg7 39.f5 exf5 40.Kf4 Be8 41.Kg5 Rd7 42.Kf6 Rd4 43.Bg8 c5
44.Rc3 Rxh4 45.Rxc5+ Bc6 46.Bf7 Rxa4 47.e6 Rxa2 48.e7 Ra8 49.Bxg6 f4 50.Bxh5 Kd6
51.Rc3 Be8 52.Rd3+ Kc7 53.Bxe8 Rxe8 54.Kf7 Rh8 55.Rd5 Kc6 56.Rd8 Rh7+ 57.Ke6 Rxe7+
58.Kxe7 Kc5 59.Ke6 b5 60.Ke5 Kc4 61.Kxf4 b4 62.Ke3 Kc3 63.Rc8+ Kb2 64.Kd2 b3
65.Rb8  1-0

[Event "HUN-chT2 9495"]
[Site "HUN"]
[Date "1995.??.??"]
[Round "?"]
[White "Herpai, Jozsef"]
[Black "Farkas, Gyula"]
[Result "1/2-1/2"]
[WhiteElo "2310"]
[BlackElo "2215"]

1.Nf3 d5 2.g3 Nf6 3.Bg2 c5 4.d4 cxd4 5.O-O Nc6 6.Nxd4 e5 7.Nxc6 bxc6 8.c4 Be7
9.cxd5 cxd5 10.Nc3 e4 11.Bg5 Be6 12.Qa4+ Qd7 13.Qxd7+ Nxd7 14.Bxe7 Kxe7 15.Rfd1 Nb6
16.Nb5 Rhc8 17.Rdc1 a6 18.Nd4 Na4 19.b3 Nb6 20.Kf1 Kd6 21.Ke1 Ke5 22.Nc6+ Kd6
23.Nd4 Ke5 24.e3 Kd6 25.Kd2 Bd7 26.Rxc8 Rxc8 27.Bf1 a5 28.Rc1 Rxc1 29.Kxc1 Kc5
30.a3 Nc8 31.Kd2 Nd6 32.Kc3 f6 33.Be2 g6 34.h4 h5 35.b4+ axb4+ 36.axb4+ Kb6
37.Bf1 Bg4 38.b5 Kc5 39.Nb3+ Kb6 40.Nd4 Kc5 41.Nb3+ Kb6 42.Kd4 Be6 43.Kc3 Bd7
44.Kd4 Be6 45.Be2 Bf7 46.Kc3 Be8 47.Nd4 Bxb5 48.Bd1 Bd7 49.Kb4 Nf7 50.Bb3 Bc6
51.Ne6 Ne5 52.Nf4 Ng4 53.Nxg6 Nxf2 54.Nf4 Ng4 55.Bxd5 Nxe3 56.Bxc6 Kxc6 57.Nxh5 f5
58.Nf4 Kd6 59.Kc3 Ke5 60.Ng6+ Kf6 61.Nf4 Nf1 62.Ne2 Ke5 63.Kc4 Kf6 64.Kd4 Nd2
65.Ke3 Nc4+ 66.Kf4 Ne5 67.Nc3 Nd3+ 68.Ke3 Ke5 69.h5 Kf6 70.g4  1/2-1/2

[Event "HUN-chT2 9495"]
[Site "HUN"]
[Date "1995.??.??"]
[Round "?"]
[White "Gyorkos, Lajos"]
[Black "Szucs, Imre"]
[Result "1-0"]
[WhiteElo "2405"]
[BlackElo "2015"]

1.Nf3 d5 2.g3 Nf6 3.Bg2 Nbd7 4.d4 c5 5.O-O b5 6.c3 e6 7.a4 b4 8.a5 Ba6 9.Nbd2 cxd4
10.cxd4 Bd6 11.Re1 Qc7 12.e4 dxe4 13.Ng5 Rc8 14.Ndxe4 h6 15.d5 e5 16.Ne6 fxe6
17.dxe6 Be7 18.exd7+ Qxd7 19.Nxf6+ Bxf6 20.Qxd7+ Kxd7 21.Bh3+ Kc6 22.Bxc8 Rxc8
23.Be3 Kb7 24.Rac1 Rxc1 25.Bxc1 Bc4 26.Re4  1-0

[Event "Papp Bela mem"]
[Site "HUN"]
[Date "1995.??.??"]
[Round "?"]
[White "Bognar, Csaba"]
[Black "Ivakhin, Maxim"]
[Result "0-1"]
[WhiteElo "2015"]
[BlackElo "2240"]

1.Nf3 d5 2.g3 Nf6 3.Bg2 c6 4.d3 Bf5 5.c3 e6 6.Nh4 Bg4 7.h3 Bh5 8.g4 Nfd7
9.Nf3 Bg6 10.Bf4 f6 11.Nbd2 e5 12.Bg3 Na6 13.b4 Nc7 14.Nh4 Bf7 15.a3 h5 16.Qc2 Ne6
17.e3 Nb6 18.c4 d4 19.b5 dxe3 20.fxe3 Qd7 21.bxc6 bxc6 22.Nb3 Rc8 23.gxh5 Rxh5
24.Bf3 Rh8 25.Bg4 g6 26.e4 Rd8 27.Be2 Nd4 28.Nxd4 Qxd4 29.Rb1 Qc5 30.Rb3 Bh6
31.Ng2 Qa5+ 32.Kf1 Kd7  0-1

[Event "Papp Bela mem"]
[Site "HUN"]
[Date "1995.??.??"]
[Round "?"]
[White "Bognar, Csaba"]
[Black "Horvath, Peter"]
[Result "0-1"]
[WhiteElo "2015"]
[BlackElo "2375"]

1.Nf3 d5 2.g3 c5 3.Bg2 Nc6 4.d3 Nf6 5.O-O g6 6.c3 Bg7 7.Nbd2 O-O 8.e4 e5
9.Qe2 Re8 10.h3 h6 11.Rd1 Be6 12.c4 d4 13.Rf1 Qd7 14.Kh2 Nh7 15.Nb3 b6 16.Nh4 Rac8
17.f4 exf4 18.gxf4 g5 19.Nf3 Qc7 20.Kh1 gxf4 21.Ng1 Be5 22.Qf2 Nb4 23.Rd1 Nf8
24.a3 Nc6 25.Rf1 Ng6 26.Ne2 Kg7 27.Nd2 Qd7 28.Ng1 a6 29.Ndf3 b5 30.cxb5 axb5
31.Nh4 Nce7 32.Ne2 Bxh3 33.Nxf4 Bxf4 34.Bxf4 Qg4 35.Bg3 Bxg2+ 36.Nxg2 Qe6
37.Nf4 Nxf4 38.Bxf4 Ng6 39.Qh2 Rh8 40.Rg1 Rce8 41.Raf1 Rh7 42.Qh5 c4 43.Be5+ Kg8
44.Bf6 Rg7 45.Bxg7 Kxg7 46.e5 Qd5+ 47.Rg2 Rxe5 48.Rxf7+ Kxf7 49.Qxg6+ Ke7
50.Qg7+ Kd8 51.Qf8+ Re8 52.Qf6+ Kd7 53.Qg7+ Re7 54.Qg4+ Kd8 55.Qg8+ Re8  0-1

[Event "HUN-chT1 9596"]
[Site "HUN"]
[Date "1995.??.??"]
[Round "1"]
[White "Loginov, Valery A"]
[Black "Gyimesi, Zoltan"]
[Result "0-1"]
[WhiteElo "2525"]
[BlackElo "2525"]

1.Nf3 d5 2.g3 c5 3.Bg2 Nc6 4.d4 e6 5.O-O Nf6 6.c4 dxc4 7.Ne5 Bd7 8.Nxc4 cxd4
9.Bf4 Nd5 10.Nd6+ Bxd6 11.Bxd6 Nde7 12.Na3 Nf5 13.Nb5 Nxd6 14.Nxd6+ Ke7 15.Nb5 Qa5
16.Nxd4 Rac8 17.Nb3 Qb5 18.Rc1 Rhd8 19.Rc5 Qb4 20.Qd3 b6 21.Rh5 h6 22.Qh7 Qg4
23.Rh4 Qg5 24.h3 f5 25.Nd2 Rh8 26.Ne4 fxe4 27.Qxe4 Qe5 28.Qd3 Rhd8 29.b4 Be8
30.Qa3 b5 31.e3 Kf8 32.Rc1 Ne7 33.Re4 Rxc1+ 34.Qxc1 Rc8 35.Qd1 Qb2 36.Qd6 Bf7
37.Bf3 Qc1+ 38.Kg2 Qc7 39.Qd4 Nf5 40.Qd3 a6 41.h4 Rd8 42.Qe2 Qc1 43.Bg4 Nxg3
44.Kxg3 Qg1+ 45.Kf4 Qh2+ 46.Kf3 Qh1+ 47.Kf4 g5+  0-1

[Event "HUN-chT2 9596"]
[Site "HUN"]
[Date "1995.??.??"]
[Round "1"]
[White "Miko, Sandor"]
[Black "Korpics, Zsolt"]
[Result "1/2-1/2"]
[WhiteElo "2205"]
[BlackElo "2315"]

1.Nf3 d5 2.g3 Nf6 3.Bg2 g6 4.d3 Bg7 5.O-O O-O 6.Nbd2 c6 7.c3 Re8 8.e4 e5
9.Re1 dxe4 10.dxe4 Na6 11.Qc2 Qc7 12.b4 Bg4 13.h3 Bd7 14.a4 Rad8 15.Nc4 Nh5
16.Be3 b6 17.Rad1 Be6 18.Bf1 Nb8 19.Bg5 f6 20.Bc1 Qf7 21.Nd6 Rxd6 22.Rxd6 Bf8
23.Rd3 Bb3 24.Qb2 Bxa4 25.Nd2 b5 26.Be2 c5 27.Rd5 cxb4 28.c4 Nd7 29.cxb5 Nb6
30.Qa2 Kh8 31.Nc4 Nxd5 32.exd5 Bxb5 33.Nd6 Bxd6 34.Bxb5 Rb8 35.Bc4 Qc7 36.Be3 Bc5
37.Bxc5 Qxc5 38.Kg2 a5 39.Rd1 a4 40.d6 Rd8 41.Rd5 Qc6 42.Bb5 b3 43.Qxb3 axb3
44.Bxc6 b2 45.Rb5 Rxd6 46.Be4 Rd2 47.Kf3 f5 48.Bb1 f4 49.g4 Nf6 50.g5 Nd5
51.Ba2 e4+ 52.Kg4 e3 53.Bxd5 Rxd5 54.Rxb2 Re5 55.fxe3 fxe3 56.Re2 Kg7 57.Kf4 Rf5+
58.Kg4 h5+ 59.gxh6+ Kxh6 60.Rxe3 Rg5+  1/2-1/2

[Event "HUN-chT1 9596"]
[Site "HUN"]
[Date "1995.??.??"]
[Round "1"]
[White "Gyorkos, Lajos"]
[Black "Tompa, Janos"]
[Result "1/2-1/2"]
[WhiteElo "2415"]
[BlackElo "2455"]

1.Nf3 d5 2.g3 c6 3.Bg2 Bg4 4.b3 Nd7 5.Bb2 e6 6.d3 Ngf6 7.Nbd2 Bd6 8.c4 O-O
9.O-O a5 10.a3 Qe7  1/2-1/2

[Event "HUN-chT1 9596"]
[Site "HUN"]
[Date "1995.??.??"]
[Round "2"]
[White "Zemerov, Vladimir"]
[Black "Almasi, Istvan"]
[Result "1/2-1/2"]
[WhiteElo "2430"]
[BlackElo "2375"]

1.Nf3 d5 2.g3 c6 3.Bg2 Nf6 4.O-O Bf5 5.d3 h6 6.Nbd2 Nbd7 7.Qe1 e5 8.e4 dxe4
9.dxe4 Be6 10.Qe2 Bc5 11.a4 a5 12.b3 Qc7 13.Bb2 Ng8 14.Nc4 f6 15.Kh1 Ne7
16.Nh4 O-O 17.Ne3 Bd4 18.Ba3 Bc5 19.Bc1 Kh7 20.Nef5 Nxf5 21.Nxf5 Nb6 22.f4 Bxf5
23.exf5 Bd4 24.Rb1 Nd5  1/2-1/2

[Event "HUN-chT1 9596"]
[Site "HUN"]
[Date "1995.??.??"]
[Round "2"]
[White "Murin, Janos"]
[Black "Csato, Eszter"]
[Result "1-0"]
[WhiteElo "2260"]
[BlackElo "2060"]

1.Nf3 d5 2.g3 Nf6 3.Bg2 c5 4.O-O Nc6 5.d3 Bg4 6.Nbd2 e5 7.e4 dxe4 8.dxe4 Qc7
9.c3 Be7 10.Qe2 O-O 11.Nc4 b5 12.Ne3 Be6 13.Ng5 Bd7 14.Nd5 Nxd5 15.exd5 Na5
16.d6 Bxd6 17.Bxa8 Rxa8 18.Qe4  1-0

[Event "HUN-chT1 9596"]
[Site "HUN"]
[Date "1995.??.??"]
[Round "2"]
[White "Marosi, Gyorgy"]
[Black "Dupsky, Laszlo"]
[Result "1/2-1/2"]
[WhiteElo "2280"]
[BlackElo "2265"]

1.Nf3 d5 2.g3 c5 3.Bg2 Nc6 4.d4 Nf6 5.O-O e6 6.c4 Be7 7.cxd5 exd5 8.dxc5 Bxc5
9.Qc2 Be7 10.Rd1 h6 11.Nc3 Be6 12.Bf4 O-O 13.Rac1 Qa5 14.Qa4 Qxa4 15.Nxa4 Rac8
16.Nc5 Nd4 17.Nxd4 Bxc5 18.Nb3 Bb6 19.Bd6 Rxc1 20.Rxc1 Rc8 21.Rxc8+ Bxc8
22.Bc5 Bxc5 23.Nxc5 b6 24.Nb3 Kf8  1/2-1/2

[Event "HUN-chT2 9596"]
[Site "HUN"]
[Date "1995.??.??"]
[Round "2"]
[White "Lengyel, Ferenc"]
[Black "Donka, Peter"]
[Result "0-1"]
[WhiteElo "2315"]
[BlackElo "2270"]

1.Nf3 d5 2.g3 Nc6 3.d4 Bf5 4.Bg2 Nb4 5.Na3 e6 6.c3 Nc6 7.Nc2 Be7 8.Bf4 Be4
9.h4 Nf6 10.h5 h6 11.Qd2 Bd6 12.O-O-O a5 13.Nfe1 a4 14.f3 Bh7 15.Nd3 Na5
16.Qe1 b6 17.e4 Be7 18.Ne5 O-O 19.Qe2 Nd7 20.Bh3 Nxe5 21.Bxe5 Nc4 22.Bf4 Ra5
23.Nb4 Bxb4 24.cxb4 Rb5 25.a3 c5 26.dxc5 bxc5 27.Bd2 Qb6 28.Bc3 cxb4 29.axb4 Rb8
30.Qe1 Qc7 31.Bf1 Rc8 32.exd5 Rxd5 33.Bxc4 Qxc4 34.Rxd5 exd5 35.Qe5 d4 36.Re1 Bd3  0-1

[Event "HUN-chT1 9596"]
[Site "HUN"]
[Date "1995.??.??"]
[Round "3"]
[White "Honos, Attila"]
[Black "Zemerov, Vladimir"]
[Result "1-0"]
[WhiteElo "2310"]
[BlackElo "2430"]

1.Nf3 d5 2.g3 Nc6 3.d4 Bg4 4.Bg2 Qd7 5.Nc3 e6 6.Bf4 Bb4 7.O-O Bxc3 8.bxc3 f6
9.Qd3 Bf5 10.Qb5 g5 11.Bc1 Rb8 12.Nd2 a6 13.Qa4 Nge7 14.e4 Bg6 15.Ba3 b5
16.Qb3 b4 17.cxb4 Nxd4 18.Qd3 e5 19.c3 Qb5 20.Qxb5+ Nxb5 21.Bb2 c6 22.c4 Nc7
23.cxd5 cxd5 24.Rac1 Nb5 25.exd5 Nd6 26.f4 gxf4 27.gxf4 Bd3 28.Rfe1 Rxb4
29.fxe5 Rxb2 30.exd6 Rg8 31.dxe7 Bf5 32.Re2 Bh3 33.d6 Bxg2 34.Rc8+  1-0

[Event "HUN-chT2 9596"]
[Site "HUN"]
[Date "1995.??.??"]
[Round "3"]
[White "Fekete, Albert"]
[Black "Egedi, Istvan"]
[Result "1/2-1/2"]
[WhiteElo "2265"]
[BlackElo "2290"]

1.Nf3 d5 2.g3 Nf6 3.Bg2 c6 4.O-O Bg4 5.d3 Nbd7 6.Nbd2 e6 7.b3 Be7 8.Bb2 O-O
9.Qe1 a5 10.a4 Ne8 11.e4 Nc7 12.h3 Bh5 13.g4 Bg6 14.Ne5 Nxe5 15.Bxe5 Bf6
16.Bxf6 Qxf6 17.e5 Qf4 18.Qe3  1/2-1/2

[Event "HUN-chT1 9596"]
[Site "HUN"]
[Date "1995.??.??"]
[Round "4"]
[White "Csaba, Arpad"]
[Black "Dupsky, Laszlo"]
[Result "0-1"]
[WhiteElo "2230"]
[BlackElo "2265"]

1.Nf3 d5 2.g3 c5 3.Bg2 Nc6 4.c4 e6 5.O-O Nf6 6.b3 Be7 7.Bb2 O-O 8.cxd5 exd5
9.d4 Ne4 10.Nc3 Bf6 11.Na4 Re8 12.Rc1 b6 13.dxc5 Bxb2 14.Nxb2 bxc5 15.e3 Bg4
16.h3 Bxf3 17.Bxf3 Qf6 18.Na4 Rad8 19.Kg2 c4 20.Qe1 Ng5 21.Be2 d4 22.Rxc4 Ne5
23.Rc5 d3 24.Bd1 d2 25.Qe2 Qf5 26.Qh5 g6 27.Qh4 Ngf3 28.Qh6 Ne1+ 29.Kh1 Qe4+
30.f3 N5xf3 31.Nc3 Qd3 32.Rf2 Rxe3 33.Qf4 Rde8 34.Rc7 Ne5 35.Rxf7 N1f3 36.Bxf3 Rxf3
37.Qxd2 Nxf7 38.Qxd3 Rxd3 39.Nb5 Rd1+ 40.Kg2 Rd7 41.h4 a6  0-1

[Event "HUN-chT1 9596"]
[Site "HUN"]
[Date "1995.??.??"]
[Round "5"]
[White "Volkmann, Friedrich"]
[Black "Orso, Miklos"]
[Result "1/2-1/2"]
[WhiteElo "2305"]
[BlackElo "2380"]

1.Nf3 d5 2.g3 Nf6 3.Bg2 c6 4.O-O Bg4 5.Ne5 Bh5 6.d4 Nbd7 7.b3 e6 8.Bb2 Be7
9.Nd2 O-O 10.h3 Nxe5 11.dxe5 Nd7 12.g4 Bg6 13.e4 f6 14.exf6 Bxf6 15.Bxf6 Qxf6
16.f4 dxe4 17.Nxe4 Bxe4 18.Bxe4 Nc5 19.Bg2 Rad8 20.Qf3 Rd2 21.Rac1 Qd4+ 22.Kh1 e5
23.f5 h5  1/2-1/2

[Event "Isle of Man op"]
[Site "Isle of Man"]
[Date "1995.??.??"]
[Round "2"]
[White "Hodgson, Julian M"]
[Black "Baburin, Alexander"]
[Result "1-0"]
[WhiteElo "2590"]
[BlackElo "2495"]

1.Nf3 d5 2.g3 Nf6 3.Bg2 g6 4.c4 c6 5.b3 Bg7 6.Bb2 O-O 7.O-O a5 8.Nc3 Na6
9.d4 Bf5 10.a3 Ne4 11.e3 Nxc3 12.Bxc3 Nc5 13.Nh4 Be6 14.Qc2 Ne4 15.c5 g5
16.Nf3 Bf5 17.Qc1 Qd7 18.Nd2 Bh3 19.f3 Nxc3 20.Qxc3 Bxg2 21.Kxg2 e5 22.dxe5 Rae8
23.f4 f6 24.e4 gxf4 25.gxf4 fxe5 26.f5 Kh8 27.Rad1 Bf6 28.Kh1 Rg8 29.Nc4 Rg4
30.Nd6 Reg8 31.Rg1 h5 32.Rxg4 Rxg4 33.Qf3 Qg7 34.exd5 e4 35.Nxe4 Bd4 36.Ng3 cxd5
37.Qxd5 Bf6 38.Nxh5  1-0

[Event "Isle of Man op"]
[Site "Isle of Man"]
[Date "1995.??.??"]
[Round "7"]
[White "Sher, Miron N"]
[Black "Wells, Peter K"]
[Result "1/2-1/2"]
[WhiteElo "2510"]
[BlackElo "2545"]

1.Nf3 d5 2.g3 g6 3.Bg2 Bg7 4.O-O e5 5.d3 Ne7 6.Nbd2 O-O 7.e4 Nbc6 8.c3 a5
9.a4 h6 10.exd5 Nxd5 11.Nc4 Re8 12.Re1 Bf5 13.Nh4 Be6 14.Nf3 Bf5 15.Qb3 Bxd3
16.Nfd2 Qd7 17.Ne4 Bxe4 18.Bxe4 Qe6  1/2-1/2

[Event "ITA-chT"]
[Site "Italy"]
[Date "1995.??.??"]
[Round "?"]
[White "Maccagno, Giancarlo"]
[Black "Leoncini, Mario"]
[Result "0-1"]
[WhiteElo "2215"]
[BlackElo "2185"]

1.Nf3 d5 2.g3 Nf6 3.Bg2 e6 4.O-O Be7 5.d3 O-O 6.Nbd2 c5 7.e4 dxe4 8.dxe4 Nc6
9.Re1 e5 10.c3 h6 11.Nh4 Re8 12.Qe2 Be6 13.Nf5 Bf8 14.Nf1 Kh7 15.N1e3 g6
16.Nh4 Re7 17.Nf3 Nxe4 18.Nxe5 Nxc3 19.bxc3 Nxe5 20.Qb5 Rd7 21.Ba3 a6 22.Qa4 Nd3
23.Red1 Bg7 24.Rab1 b5 25.Qc2 Rc8 26.Bc1 c4 27.Bd2 Qa5 28.h4 h5 29.f4 Rcd8
30.Bf3 Qb6 31.Kg2 Qc5 32.a4 bxa4 33.Ra1 a3 34.Ra2 Nb2 35.Rxb2 axb2 36.Qxb2 a5
37.Qc2 a4 38.Nf1 Bd5 39.Qxa4 Bxf3+ 40.Kxf3 Rd3+ 41.Ke2 Qd5 42.Re1 Qf3+  0-1

[Event "ITA-chT"]
[Site "Italy"]
[Date "1995.??.??"]
[Round "?"]
[White "Maccagno, Giancarlo"]
[Black "Wagman, Stuart"]
[Result "1-0"]
[WhiteElo "2215"]
[BlackElo "2215"]

1.Nf3 d5 2.g3 c6 3.Bg2 Nf6 4.O-O Bg4 5.h3 Bh5 6.d3 e6 7.Nbd2 Be7 8.c4 O-O
9.Rb1 Nbd7 10.b4 a5 11.b5 c5 12.Nh2 Nb6 13.f4 dxc4 14.g4 Bg6 15.f5 exf5 16.gxf5 Bh5
17.Nxc4 Nxc4 18.dxc4 Bd6 19.Qc2 Re8 20.e3 Qe7 21.Rb3 Ne4 22.Ng4 Qh4 23.Bxe4 Qxh3
24.Qg2 Qxg4 25.Qxg4 Bxg4 26.Bxb7 Rab8 27.Bd5 Kf8 28.e4 f6 29.Bf4 Bxf4 30.Rxf4 h5
31.Ra3 Ke7  1-0

[Event "ITA-chT"]
[Site "Italy"]
[Date "1995.??.??"]
[Round "?"]
[White "Sarno, Spartaco"]
[Black "Barletta, Mauro"]
[Result "1-0"]
[WhiteElo "2410"]
[BlackElo "2230"]

1.Nf3 d5 2.g3 Nf6 3.Bg2 e6 4.O-O Be7 5.b3 O-O 6.Bb2 b6 7.c4 Bb7 8.e3 c5 9.Qe2 Nc6
10.Rd1 Qc7 11.Nc3 Rad8 12.cxd5 exd5 13.d4 Rfe8 14.Rac1 Qb8 15.dxc5 Bxc5 16.Na4 Be7
17.Nd4 Nxd4 18.Bxd4 Ne4 19.Qb2 Bf8 20.Nc3 h6 21.Ne2 Qd6 22.Nf4 Rc8 23.h4 Rxc1
24.Rxc1 Rc8 25.Rd1 Qc7 26.Be5 Qc2 27.Qxc2 Rxc2 28.Bxe4 dxe4 29.Rd8 Rc8 30.Rd7 Rc1+
31.Kh2 Bc8 32.Rd8 Bg4 33.Nd5 Bf3 34.g4 f5 35.Bd6 Rh1+ 36.Kg3 g5 37.hxg5 hxg5
38.Rxf8+ Kg7 39.Rxf5 Rg1+ 40.Kh3 Rh1+ 41.Bh2 Kg6 42.Ne7+ Kg7 43.Nc6 Kg6 44.Ne5+  1-0

[Event "ITA-chT"]
[Site "Italy"]
[Date "1995.??.??"]
[Round "?"]
[White "Corvi, Marco"]
[Black "Vallifuoco, Giacomo"]
[Result "0-1"]
[WhiteElo "2185"]
[BlackElo "2395"]

1.Nf3 d5 2.g3 Nf6 3.Bg2 c6 4.d3 Bg4 5.Nbd2 Nbd7 6.O-O e5 7.e4 Bd6 8.Re1 O-O
9.Qe2 Re8 10.h3 Bh5 11.Qf1 a5 12.a4 dxe4 13.dxe4 Qc7 14.Nc4 Bb4 15.Nfd2 b6
16.Ne3 Rad8 17.c3 Bf8 18.Qc4 Nc5 19.Bf1 Bg6 20.f3 Rd7 21.b3 Red8 22.Ra2 Nd3
23.Bxd3 Rxd3 24.Nd5 R8xd5 25.exd5 Nxd5 26.Ne4 Rxf3 27.Kg2 Bxe4 28.Qxe4 Rxc3
29.Qxe5 Qxe5 30.Rxe5 Rxc1 31.Re8 f5 32.Rc8 Kf7 33.Rd2 Ba3 34.Rb8 Rc3 35.Rc8 Bd6  0-1

[Event "Kassel op"]
[Site "Kassel"]
[Date "1995.??.??"]
[Round "7"]
[White "Gutman, Lev"]
[Black "Matthias, Heiner"]
[Result "1/2-1/2"]
[WhiteElo "2470"]
[BlackElo "2340"]

1.Nf3 d5 2.g3 c6 3.Bg2 Nf6 4.O-O Bg4 5.Ne5 Bh5 6.d4 e6 7.c3 Be7 8.Nd2 O-O
9.Nd3 Nbd7 10.Nf4 Bg6 11.a4 a5 12.Nxg6 hxg6 13.Nf3 Ne4 14.Ne1 Re8 15.Nd3 Nd6
16.Bf4 g5 17.Bxd6 Bxd6 18.e3 e5 19.dxe5 Nxe5 20.Nxe5 Bxe5 21.Qb3 Qc7 22.Rad1 Rad8
23.Rfe1 g6 24.e4 dxe4 25.Rxd8 Rxd8 26.Bxe4 Kg7 27.Bb1 Bf6 28.Ba2 Rd7 29.Qc4 Qd6
30.Bb3 Qd5 31.Qg4 Qf5 32.Qe2 Re7 33.Qf1 Rxe1 34.Qxe1 Bd8 35.Qe2 Bb6 36.Kg2 Qc5
37.h3 Qf5 38.Bc2 Qd5+ 39.Kg1 Qd6 40.Kg2 Qd5+ 41.Be4 Qe5 42.Qc2 Ba7 43.Bf3 Qc5
44.Qd2 Qe5 45.Bg4 Qe4+ 46.Bf3 Qe5 47.Qd1 Bb6 48.Qc1 Ba7 49.Qc2 Bb6 50.Bg4 Ba7
51.b4 axb4 52.cxb4 Qd4 53.b5 cxb5 54.axb5 Qd5+ 55.Bf3 Qxb5 56.Qc3+ Kh7 57.Qc7 Qb3
58.Qxb7 Qa2 59.Be2 Bd4 60.Qe4 Qa7 61.Qf3 Kg7 62.Bc4 Bf6 63.Qd5 Qe7  1/2-1/2

[Event "Katrineholm"]
[Site "Katrineholm"]
[Date "1995.??.??"]
[Round "?"]
[White "Vescovi, Giovanni"]
[Black "Hartman, Christer"]
[Result "1-0"]
[WhiteElo "2465"]
[BlackElo "2350"]

1.Nf3 d5 2.g3 Nf6 3.Bg2 c6 4.O-O Bg4 5.d4 Nbd7 6.Nbd2 e6 7.h3 Bxf3 8.exf3 Be7
9.f4 O-O 10.Nf3 Rc8 11.Qe2 Re8 12.Ne5 Bf8 13.Be3 g6 14.c3 Re7 15.g4 Ne8 16.b3 f6
17.Nd3 Nd6 18.Qc2 Bg7 19.Rac1 b5 20.Rce1 a5 21.Re2 Ra8 22.Bc1 a4 23.Rfe1 axb3
24.axb3 Kf7 25.f5 gxf5 26.gxf5 Nxf5 27.Nf4 Nf8 28.Nxe6 Rxe6 29.Rxe6 Nxe6
30.Qxf5 Nf8 31.Bf4 Qd7 32.Qxd7+ Nxd7 33.Bf3 Nf8 34.Bd6 Ng6 35.Bg4 Bf8 36.Bg3 b4
37.c4 dxc4 38.bxc4 Rd8 39.d5 cxd5 40.Be6+ Kg7 41.Bc7 Ra8 42.cxd5 Ne5 43.Kh1 Nf3
44.Rd1 b3 45.Kg2 b2 46.Rb1 Ne1+ 47.Kh2 Nd3 48.Bf5 Ra3 49.d6 Ne5 50.Rxb2 Nf3+
51.Kh1 Ra1+ 52.Rb1 Rxb1+ 53.Bxb1 Ne5 54.Ba2 Nd7 55.Be6 Nc5 56.Bc8 Ne4 57.d7 Be7
58.Kg2 Ng5 59.d8=Q Bxd8 60.Bxd8 Kg6 61.f3  1-0

[Event "Kavala op"]
[Site "Kavala"]
[Date "1995.??.??"]
[Round "4"]
[White "Amendola, Konstantinos"]
[Black "Raptis, Georgios"]
[Result "1/2-1/2"]
[WhiteElo "2200"]
[BlackElo "2220"]

1.Nf3 d5 2.g3 Nc6 3.Bg2 Bg4 4.h3 Bxf3 5.exf3 g6 6.d4 Bg7 7.c3 e6 8.O-O Nge7
9.h4 Nf5 10.Re1 h6 11.Na3 O-O 12.Nc2 Rc8 13.Ne3 Nce7 14.Bh3 c5 15.Nxf5 Nxf5
16.Bxf5 gxf5 17.Be3 cxd4 18.Bxd4 Rc4 19.Bxg7 Kxg7 20.f4 Kh7 21.Qd2 Rg8 22.b3 Rc6
23.Kh2 Qf6 24.Rac1 Rgc8 25.Re5 Qe7 26.Qd3 Qc5 27.Rc2 Qa5 28.Re3 Qc7 29.Qd4 a6
30.Qf6 Rf8 31.Rce2 Qd8 32.Qd4 b5 33.a4 bxa4 34.Qxa4 Qb6 35.Qa3 Qc5 36.Qa4 Rfc8
37.Qa1 Qf8 38.c4 dxc4 39.bxc4 Qg7 40.Qxg7+ Kxg7 41.Ra3 h5 42.Rea2  1/2-1/2

[Event "RUS-sf"]
[Site "Kazan"]
[Date "1995.??.??"]
[Round "4"]
[White "Yandemirov, Valeri"]
[Black "Panchenko, Alexander N"]
[Result "1/2-1/2"]
[WhiteElo "2460"]
[BlackElo "2460"]

1.Nf3 d5 2.g3 c6 3.Bg2 Bg4 4.O-O Nf6 5.d3 Nbd7 6.Nbd2 e5 7.e4 dxe4 8.dxe4 Bc5
9.h3 Bh5 10.Qe2 O-O 11.b3  1/2-1/2

[Event "Kemerovo1"]
[Site "Kemerovo"]
[Date "1995.??.??"]
[Round "3"]
[White "Pigusov, Evgeny"]
[Black "Sveshnikov, Evgeny"]
[Result "1/2-1/2"]
[WhiteElo "2580"]
[BlackElo "2580"]

1.Nf3 d5 2.g3 Nf6 3.Bg2 c6 4.O-O Bf5 5.c4 e6 6.d3 dxc4 7.dxc4 Qxd1 8.Rxd1 Nbd7
9.Be3 Bc5 10.Bxc5 Nxc5 11.Nc3 a5 12.b3 Nfe4 13.Nxe4 Bxe4 14.Ne5 Bxg2 15.Kxg2 f6
16.Nd3 Nxd3 17.Rxd3 Ke7 18.Rad1 Rhd8  1/2-1/2

[Event "Kemerovo2"]
[Site "Kemerovo"]
[Date "1995.??.??"]
[Round "8"]
[White "Tataev, Manach"]
[Black "Trofimova, Olga"]
[Result "1/2-1/2"]
[WhiteElo "2315"]
[BlackElo "2245"]

1.Nf3 d5 2.g3 c6 3.Bg2 Bg4 4.O-O Nd7 5.d3 Ngf6 6.Nbd2 e6 7.b3 Bd6 8.Bb2 O-O
9.h3 Bh5 10.e4 dxe4 11.dxe4 Bxf3 12.Qxf3 Be5 13.Bxe5 Nxe5 14.Qc3 Qc7 15.f4 Ned7
16.Kh2 e5 17.f5 Rfd8 18.Rae1 b5 19.Nf3 a5 20.Re2 b4 21.Qe3 a4 22.Rd1 Ra5
23.g4 Rda8 24.Qd2 axb3 25.axb3 Nd5 26.exd5 Rxd5 27.Qe1 e4+ 28.Kh1 Rxd1 29.Qxd1 exf3
30.Bxf3 Ne5 31.Be4 f6 32.Kg2 Rd8 33.Rd2 Rxd2+ 34.Qxd2 c5 35.Qd5+ Kf8 36.Qa8+ Ke7
37.Qg8 Qd7 38.Bd5 Kd6 39.Qa8 Qc7 40.Kf2 h6 41.Be4 Ke7 42.Kg2 Qd7 43.Bd5 Kd6
44.Kg3 Ke7 45.Qg8 Kd6 46.Be6 Qc7 47.Bd5 Qd7 48.Kf4 Qe7 49.Qa8 Nd3+ 50.Kf3 Ne5+
51.Kf2 Qc7 52.Ke3 Qe7 53.Kd2 Qc7 54.Kc1 Ke7 55.Bg2  1/2-1/2

[Event "Kemerovo2"]
[Site "Kemerovo"]
[Date "1995.??.??"]
[Round "9"]
[White "Zaitsev, Vadim"]
[Black "Komliakov, Viktor"]
[Result "0-1"]
[WhiteElo "2350"]
[BlackElo "2525"]

1.Nf3 d5 2.g3 Nf6 3.Bg2 Bg4 4.c4 c6 5.Qb3 Qb6 6.Qxb6 axb6 7.d3 Nbd7 8.O-O h6
9.b3 e5 10.cxd5 Nxd5 11.Bb2 f6 12.Nbd2 Bb4 13.e4 Bc3 14.exd5 Bxb2 15.Rab1 Rxa2
16.Nc4 Bc3 17.Nh4 O-O 18.Ng6 Be2 19.dxc6 bxc6 20.Nxf8 Kxf8 21.Bxc6 Nc5 22.Rfc1 Bd4
23.Ne3 Bxd3 24.b4 Bxb1 25.bxc5 Bd3 26.Bd5 Ra5 27.cxb6 Bxb6 28.Rc3 e4 29.Bc4 Bxe3
30.Bxd3 exd3  0-1

[Event "Kemerovo1"]
[Site "Kemerovo"]
[Date "1995.??.??"]
[Round "10"]
[White "Pigusov, Evgeny"]
[Black "Kharlov, Andrei"]
[Result "1/2-1/2"]
[WhiteElo "2580"]
[BlackElo "2555"]

1.Nf3 d5 2.g3 c6 3.Bg2 Bg4 4.b3 Nd7 5.Bb2 Ngf6 6.c4 e6 7.O-O Bd6 8.d4 Qe7
9.Nbd2 Ba3 10.Qc1 Bxb2 11.Qxb2 O-O 12.e3 a5 13.a3 Bxf3 14.Bxf3 Rfd8 15.cxd5 cxd5
16.Rfc1 Rdc8 17.Rxc8+ Rxc8 18.Rc1  1/2-1/2

[Event "Platonov mem"]
[Site "Kiev"]
[Date "1995.??.??"]
[Round "10"]
[White "Mochalov, Evgeny V"]
[Black "Komarov, Dimitri"]
[Result "1/2-1/2"]
[WhiteElo "2470"]
[BlackElo "2575"]

1.Nf3 d5 2.g3 Bg4 3.Bg2 c6 4.c4 e6 5.O-O Nf6 6.d3 Nbd7 7.Be3 Bc5 8.Bxc5 Nxc5
9.Nbd2 O-O 10.Rc1 Ncd7 11.Qb3 Qb6 12.a3 Rfd8 13.cxd5 Bxf3 14.Bxf3 cxd5 15.Qxb6 Nxb6
16.Nb3 Na4 17.Rc2 Rac8 18.Rfc1 Rxc2 19.Rxc2 Kf8 20.Kf1 Ne8 21.Nc5 Nxc5 22.Rxc5 Ke7  1/2-1/2